000 00193 a2200097 4500
020 _a9780743269261
041 _aeng
100 _aGregory, philippa
245 _aThe virgin's Lover
942 _cBK
999 _c14402
_d14402